Partially-recognised UN members - Statistics

General Stats
  • This quiz has been taken 52 times
  • The average score is 5 of 6
Answer Stats
Country Not recognised by... % Correct
North Korea South Korea
100%
South Korea North Korea
100%
Cyprus Turkey
93%
Israel 31 UN member states
85%
China 19 UN member states
68%
Armenia Pakistan
63%
No matching quizzes found
Score Distribution
Percent of People with Each Score
Percentile by Number Answered
Your Score History
You have not taken this quiz